Name the Filler Characters in Naruto by Pic Quiz Stats

Quiz not verified by Sporcle

Challenge
Share
Tweet
Score 0/21 Timer 10:00
0 Plays Today
% Correct
Guren
80.8%
Sora
69.2%
Yukimaru
45.1%
Mecha Naruto
39.8%
Menma Namikaze
31.2%
Hotaru
24.1%
Idate Morino
20.7%
Ranmaru
18.4%
Gozu
17.3%
Rinji
15.8%
Shira
15%
% Correct
Condor
11.7%
Isaribi
11.7%
Sasame Fuma
9%
Sumaru
7.9%
Yakumo Kurama
6.8%
Nine-Tailed Naruto Clone
4.9%
Amachi
4.5%
Korobi
2.6%
Yaoki
2.3%
Disonasu
1.9%

You're not logged in!

Compare scores with friends on all Sporcle quizzes.
Sign Up with Email
OR
Log In

You Might Also Like...

Show Comments

Extras

Top Quizzes Today


Score Distribution

Your Account Isn't Verified!

In order to create a playlist on Sporcle, you need to verify the email address you used during registration. Go to your Sporcle Settings to finish the process.